Pohledy do minulosti elektrotechniky : Objevy. Myšlenky. Vynálezy. Osobnosti
Salvato in:
| Autore principale: | |
|---|---|
| Natura: | Libro |
| Lingua: | ceco |
| Pubblicazione: |
České Budějovice :
Nakladatelství KOPP,
1999
|
| Soggetti: | |
| Tags: |
Nessun Tag, puoi essere il primo ad aggiungerne!!
|
MARC
| LEADER | 00000nam a22000003a 4500 | ||
|---|---|---|---|
| 001 | stu53151 | ||
| 005 | 20150617225702.9 | ||
| 008 | 000413s1999----xr------------------cze-d | ||
| 020 | |a 80-7232-092-0 | ||
| 040 | |a STU |b slo | ||
| 041 | 0 | |a cze | |
| 044 | |a xr | ||
| 080 | |a 621.3(09) | ||
| 100 | 1 | |a Mayer, Daniel |4 aut | |
| 245 | 1 | |a Pohledy do minulosti elektrotechniky : |b Objevy. Myšlenky. Vynálezy. Osobnosti | |
| 260 | |a České Budějovice : |b Nakladatelství KOPP, |c 1999 | ||
| 300 | |a 382 s | ||
| 650 | 7 | |a elektrotechnika |2 stusub | |
| 650 | 7 | |a dejiny |2 stusub | |
| 996 | |b 284EK83275 |c E*83275 |l EE01 |s A |a 24 |w stu53151_0001 | ||